000 00728nam a2200289Ia 4500
005 20260324114952.0
008 008 260324s9999 xx 000 0 eng d
020 _a9780367814960
037 _aEBOOK
040 _aCRL
040 _beng
040 _cCRL
041 _2eng
041 _aeng
084 _qCRL
100 _aBrandon Lewis; Cristian Parra; Saleem H. Ali
_91152858
245 0 _aMining, Materials, and the Sustainable Development Goals (SDGs)
245 0 _b2030 and Beyond
260 _bTaylor and Francis
260 _c2020
365 _a
365 _b275
856 _uhttp://www.taylorfrancis.com/books/9780367814960
942 _cEBOOK
999 _c1743372
_d1743372